[Event "HZ Chess Tournament 2019"]
[Site "Vlissingen"]
[Date "2019.08.04"]
[Round "3.2"]
[White "L'Ami, Erwin"]
[Black "Elgersma, Onno"]
[Result "1-0"]
[WhiteElo "2622"]
[BlackElo "2171"]
[PlyCount "83"]
[EventCountry "NED"]

1. e4 c6 2. Nc3 d5 3. Nf3 dxe4 4. Nxe4 Nf6 5. Qe2 Nxe4 6. Qxe4 Qd5 7. Qf4 Qf5
8. Qe3 Qe6 9. b3 Qxe3+ 10. fxe3 c5 11. Bb2 Nc6 12. O-O-O Bf5 13. Bb5 Rc8 14.
Rhf1 f6 15. Rde1 Bg6 16. e4 e5 17. g4 a6 18. Bc4 Nd4 19. Nh4 b5 20. Bd5 Rc7 21.
Rf2 Kd8 22. Ref1 Be7 23. d3 Be8 24. c3 Nc6 25. Nf5 Bf8 26. Ne3 h6 27. h4 Be7
28. h5 Bf8 29. Be6 Ne7 30. c4 b4 31. Bxe5 fxe5 32. Rxf8 Rxf8 33. Rxf8 Nc6 34.
Nd5 Rb7 35. Rg8 Nd4 36. Bf5 Nxf5 37. exf5 Rf7 38. Kd2 a5 39. Ke3 a4 40. bxa4
Ra7 41. f6 gxf6 42. Nxf6 1-0

[Event "HZ Chess Tournament 2019"]
[Site "Vlissingen"]
[Date "2019.08.04"]
[Round "3.4"]
[White "Ortiz Suarez, Isan Reynald"]
[Black "Mesman, Edwyn"]
[Result "1-0"]
[WhiteElo "2551"]
[BlackElo "2154"]
[PlyCount "49"]
[EventCountry "NED"]

1. e4 c6 2. d4 d5 3. e5 Bf5 4. Nf3 e6 5. Be2 Ne7 6. O-O c5 7. dxc5 Nec6 8. Be3
Bg4 9. Nbd2 Nd7 10. c4 Bxc5 11. cxd5 exd5 12. Bf4 O-O 13. h3 Bh5 14. Nb3 Bb6
15. Re1 Re8 16. Qxd5 Qe7 17. Nfd4 Nb4 18. Qxb7 Bxe2 19. Rxe2 Nd3 20. Bg3 N3xe5
21. Rae1 f6 22. f4 Qd6 23. Bf2 Reb8 24. fxe5 fxe5 25. Nf5 1-0

[Event "HZ Chess Tournament 2019"]
[Site "Vlissingen"]
[Date "2019.08.04"]
[Round "3.7"]
[White "Stillger, Bernhard"]
[Black "Harika, Dronavalli"]
[Result "0-1"]
[WhiteElo "2271"]
[BlackElo "2495"]
[PlyCount "112"]
[EventCountry "NED"]

1. d4 e6 2. c4 d5 3. Nf3 Nf6 4. g3 Bb4+ 5. Bd2 Be7 6. Bg2 Ne4 7. O-O c6 8. Qc2
Nd7 9. Nc3 Nxd2 10. Nxd2 O-O 11. e4 dxe4 12. Ndxe4 Nb6 13. c5 Nd5 14. a3 Qc7
15. Rfe1 Rd8 16. h4 h6 17. Rad1 Bd7 18. Nb1 Be8 19. Nbd2 Nf6 20. Nc4 b5 21. Ne5
a5 22. a4 Rab8 23. Nc3 bxa4 24. Nxa4 Nd5 25. Nc4 Rb4 26. Nab6 Bf6 27. b3 Qb8
28. Bxd5 cxd5 29. Ne5 Qc7 30. Qa2 Bxe5 31. Rxe5 Rxd4 32. Rxd4 Qxe5 33. Qd2 Rb8
34. f4 Qf6 35. Qe3 Bb5 36. Qe5 Qxe5 37. fxe5 Rb7 38. Rd1 Rc7 39. Rc1 d4 40. Kf2
f6 41. exf6 gxf6 42. Kf3 Bc6+ 43. Kf4 Bb7 44. g4 e5+ 45. Kf5 e4 46. Kxf6 d3 47.
Rd1 Rxc5 48. Nd7 Rc7 49. Ne5 Ba6 50. g5 e3 51. gxh6 d2 52. Rg1+ Kh7 53. Nf3 Be2
54. Ng5+ Kh8 55. Nf7+ Rxf7+ 56. Kxf7 Bh5+ 0-1

[Event "HZ Chess Tournament 2019"]
[Site "Vlissingen"]
[Date "2019.08.04"]
[Round "3.10"]
[White "Leenhouts, Koen"]
[Black "Tibke, Jonas"]
[Result "1-0"]
[WhiteElo "2425"]
[BlackElo "1921"]
[PlyCount "103"]
[EventCountry "NED"]

1. e4 c6 2. d4 d5 3. e5 Bf5 4. Nf3 e6 5. Be2 c5 6. Be3 Nd7 7. O-O Ne7 8. c4
Bxb1 9. Qxb1 cxd4 10. Bxd4 dxc4 11. Bxc4 Nc6 12. Rd1 Nxd4 13. Nxd4 Qb6 14. Bb5
Rd8 15. Qc2 a6 16. Ba4 Qc5 17. Qd3 b5 18. Nxb5 axb5 19. Bxb5 Qa7 20. Rac1 Bc5
21. Bxd7+ Rxd7 22. Qxd7+ Qxd7 23. Rxd7 Bxf2+ 24. Kxf2 Kxd7 25. Ke3 Ra8 26. a3
Ra5 27. Ke4 f5+ 28. exf6 gxf6 29. Rc3 Re5+ 30. Kf3 Re1 31. Rd3+ Kc6 32. Re3
Rf1+ 33. Ke2 Rb1 34. Rxe6+ Kd5 35. Rb6 f5 36. Rb5+ Ke4 37. Rb4+ Ke5 38. a4 Kd5
39. Kf3 Rf1+ 40. Kg3 Kc6 41. Rf4 Rb1 42. Rxf5 Rxb2 43. h4 Kd6 44. a5 Ke6 45.
Rh5 Rb3+ 46. Kh2 Rb7 47. a6 Ra7 48. Ra5 Kf6 49. g4 h6 50. Kg3 Kf7 51. Kf4 Kf6
52. Ke4 1-0

[Event "HZ Chess Tournament 2019"]
[Site "Vlissingen"]
[Date "2019.08.04"]
[Round "3.12"]
[White "De Jong, Migchiel"]
[Black "Smit, Manuel"]
[Result "1-0"]
[WhiteElo "2339"]
[BlackElo "1829"]
[PlyCount "61"]
[EventCountry "NED"]

1. e4 e6 2. d4 d5 3. Nc3 Bb4 4. e5 c5 5. Bd2 Bd7 6. a3 cxd4 7. axb4 dxc3 8.
Bxc3 Ne7 9. Nf3 O-O 10. Bd3 h6 11. O-O Be8 12. b5 Nd7 13. Bb4 Kh8 14. Bd6 f6
15. Nd4 Bf7 16. f4 Rg8 17. Qe2 Nc8 18. Bb4 b6 19. exf6 Qxf6 20. Bc3 Qe7 21. Nc6
Qe8 22. f5 exf5 23. Qd2 Kh7 24. Rae1 Qxe1 25. Qxe1 g6 26. Qg3 Nc5 27. Qc7 Rf8
28. Rxf5 Nd6 29. Qxd6 Nxd3 30. Qf6 d4 31. Qxd4 1-0

[Event "HZ Chess Tournament 2019"]
[Site "Vlissingen"]
[Date "2019.08.04"]
[Round "3.13"]
[White "Merbis, Max"]
[Black "Grochal, Joey"]
[Result "0-1"]
[WhiteElo "2136"]
[BlackElo "2300"]
[PlyCount "79"]
[EventCountry "NED"]

1. d4 Nf6 2. c4 e6 3. Nc3 Bb4 4. e3 O-O 5. Nge2 d5 6. a3 Bd6 7. cxd5 exd5 8.
Ng3 Re8 9. Bd3 Nbd7 10. O-O c6 11. Bd2 Nf8 12. Rc1 Ne6 13. f3 g6 14. Nce2 h5
15. Nf4 Nxf4 16. exf4 h4 17. Ne2 Nh5 18. Qc2 Ng7 19. Rce1 Bf5 20. g4 hxg3 21.
hxg3 Qf6 22. Kg2 Re7 23. Nc1 Rae8 24. Re5 Bxe5 25. fxe5 Qe6 26. Rh1 f6 27. g4
Bxg4 28. Bxg6 Bf5 29. Bh7+ Kf7 30. Bxf5 Qxf5 31. Nd3 Rg8 32. Kf2 Nh5 33. Rh4
fxe5 34. dxe5 Ke8 35. Qc3 Reg7 36. Nf4 Nxf4 37. Rxf4 Qb1 38. Ke3 Rg2 39. e6 Qf1
40. Kd4 0-1

[Event "HZ Chess Tournament 2019"]
[Site "Vlissingen"]
[Date "2019.08.04"]
[Round "3.16"]
[White "Weber, Dirk"]
[Black "Galle, Andre"]
[Result "1-0"]
[WhiteElo "2227"]
[BlackElo "1983"]
[PlyCount "100"]
[EventCountry "NED"]

1. c4 f5 2. Nc3 Nf6 3. g3 d6 4. Bg2 g6 5. e3 c6 6. Nge2 a5 7. O-O Bg7 8. Rb1
O-O 9. a3 Na6 10. d3 e5 11. Qc2 g5 12. d4 e4 13. b4 axb4 14. axb4 Be6 15. d5
cxd5 16. Nd4 Qe7 17. Nxe6 Qxe6 18. cxd5 Nxd5 19. Nxd5 Qxd5 20. f3 Rfc8 21. fxe4
Rxc2 22. exd5 Rf8 23. e4 fxe4 24. Rxf8+ Kxf8 25. Bxe4 Bd4+ 26. Kh1 Re2 27. Bxh7
Re5 28. Ba3 Kg7 29. Bc2 Nc7 30. Rd1 Bc3 31. Bb3 Nb5 32. Rd3 Bd4 33. h3 Re1+ 34.
Kg2 Ra1 35. Rxd4 Rxa3 36. Rd3 Nd4 37. Bc4 Rxd3 38. Bxd3 Kf6 39. h4 gxh4 40.
gxh4 Ke5 41. h5 Nf5 42. Kh3 Nh6 43. Kh4 Kf4 44. Bg6 Ng8 45. Bf7 Nh6 46. Be6
Nf5+ 47. Bxf5 Kxf5 48. b5 b6 49. h6 Kg6 50. Kg4 Kf7 1-0

[Event "HZ Chess Tournament 2019"]
[Site "Vlissingen"]
[Date "2019.08.04"]
[Round "3.17"]
[White "Baarslag, Ed"]
[Black "Oosting, Robert"]
[Result "1-0"]
[WhiteElo "2193"]
[BlackElo "1962"]
[PlyCount "111"]
[EventCountry "NED"]

1. Nf3 Nf6 2. b3 g6 3. Bb2 Bg7 4. c4 O-O 5. e3 d6 6. d4 Nbd7 7. Be2 e5 8. dxe5
Ng4 9. h3 Ngxe5 10. Nxe5 Nxe5 11. Nc3 Be6 12. Qd2 Qg5 13. g3 Rad8 14. O-O-O Qe7
15. f4 Nd7 16. Bf3 b5 17. Nxb5 Bxb2+ 18. Kxb2 Nb6 19. Bd5 c6 20. Bxc6 Bxc4 21.
Ka1 Bxb5 22. Bxb5 d5 23. Rc1 Rd6 24. Rhe1 Rfd8 25. g4 a6 26. Bd3 Qf6+ 27. Qb2
Qxb2+ 28. Kxb2 a5 29. a4 R8d7 30. Rc5 Ra7 31. Kc2 Nd7 32. Rc8+ Kg7 33. g5 Nb6
34. Rc5 Nd7 35. Rb5 Nf8 36. f5 gxf5 37. Bxf5 Ng6 38. Rd1 Ne7 39. Bg4 Nc6 40.
Kd2 Re7 41. Rb6 Rg6 42. h4 Ne5 43. Rxg6+ hxg6 44. Be2 f6 45. Rc1 fxg5 46. hxg5
Rb7 47. Rc5 Rxb3 48. Rxa5 Rb2+ 49. Ke1 Nc4 50. Ra7+ Kf8 51. Bxc4 dxc4 52. a5
Ra2 53. a6 c3 54. Kd1 Ra5 55. Kc2 Rxg5 56. Rb7 1-0

[Event "HZ Chess Tournament 2019"]
[Site "Vlissingen"]
[Date "2019.08.04"]
[Round "3.19"]
[White "Boerkamp, Harry"]
[Black "Timmermans, Ivo"]
[Result "0-1"]
[WhiteElo "1915"]
[BlackElo "2168"]
[PlyCount "74"]
[EventCountry "NED"]

1. e4 e5 2. Nf3 Nc6 3. Bc4 Bc5 4. b4 Bb6 5. a4 a6 6. c3 Nf6 7. d3 d6 8. Qb3 Qe7
9. Bg5 h6 10. Bh4 Be6 11. Nbd2 O-O 12. O-O g5 13. Bg3 Kg7 14. Rfe1 Nh5 15. Nf1
Nf4 16. Rad1 Qf6 17. Ne3 Rad8 18. a5 Ba7 19. Bxf4 gxf4 20. Nd5 Qg6 21. Nh4 Qh5
22. g3 Qg4 23. d4 fxg3 24. hxg3 Kh8 25. Ne3 Bxc4 26. Qxc4 Qxe4 27. Nef5 d5 28.
Qa2 Qg4 29. f3 Qg5 30. Kg2 exd4 31. Rh1 Rg8 32. Rh3 dxc3 33. Nxh6 Kg7 34. Nxg8
Kxg8 35. f4 Qe7 36. Nf3 Nxb4 37. Qb3 Qe2+ 0-1

[Event "HZ Chess Tournament 2019"]
[Site "Vlissingen"]
[Date "2019.08.04"]
[Round "3.20"]
[White "De Kleuver, Jonathan"]
[Black "Lacrosse, Marc"]
[Result "0-1"]
[WhiteElo "1874"]
[BlackElo "2160"]
[PlyCount "82"]
[EventCountry "NED"]

1. d4 d5 2. c4 e6 3. Nf3 Nf6 4. Nc3 Nbd7 5. Bg5 c6 6. e3 Qa5 7. cxd5 Nxd5 8.
Rc1 Nxc3 9. bxc3 Ba3 10. Rc2 O-O 11. Bd3 Re8 12. O-O e5 13. e4 b6 14. Bh4 Ba6
15. Bg3 Rad8 16. Bxa6 Qxa6 17. Rd2 exd4 18. Rxd4 Qc8 19. Bh4 Be7 20. Bxe7 Rxe7
21. Qd3 Rde8 22. Nd2 Nc5 23. Qc2 Ne6 24. Rb4 Nf4 25. f3 Rd8 26. e5 Nd3 27. Rd4
Nxe5 28. Ne4 c5 29. Ng5 g6 30. Rd2 Nc4 31. Re2 Ne3 32. Qb3 Qf5 33. h4 h6 34.
Rfe1 hxg5 35. Rxe3 Rxe3 36. Rxe3 gxh4 37. Qa4 Qg5 38. Re4 h3 39. Rg4 Qc1+ 40.
Kh2 hxg2 41. Qc4 Qh1+ 0-1

[Event "HZ Chess Tournament 2019"]
[Site "Vlissingen"]
[Date "2019.08.04"]
[Round "3.21"]
[White "Zevenhuizen, Daniel"]
[Black "Snijders, Frans"]
[Result "1/2-1/2"]
[WhiteElo "2152"]
[BlackElo "1876"]
[PlyCount "75"]
[EventCountry "NED"]

1. Nf3 f5 2. d3 Nf6 3. e4 fxe4 4. Ng5 e5 5. dxe4 h6 6. Nf3 Bc5 7. Bc4 Qe7 8.
O-O d6 9. Nh4 Ng4 10. Ng6 Qf6 11. Nxh8 Bxf2+ 12. Kh1 Qh4 13. Qxg4 Bxg4 14. Ng6
Qf6 15. Nc3 Nc6 16. Be3 Qxg6 17. Rxf2 Be6 18. Bb5 O-O-O 19. Raf1 Nd4 20. Bd3 c5
21. b3 b5 22. Bxd4 cxd4 23. Nxb5 a6 24. Na3 Kb7 25. Re2 Rd7 26. Nc4 Kc7 27. Nd2
Bg4 28. Ref2 Be6 29. Bxa6 Rf7 30. Rxf7+ Bxf7 31. Bd3 Be6 32. a4 Qg5 33. Nf3 Qe7
34. a5 Kb7 35. Rb1 Qc7 36. a6+ Ka7 37. Nd2 Qc3 38. Rd1 1/2-1/2

[Event "HZ Chess Tournament 2019"]
[Site "Vlissingen"]
[Date "2019.08.04"]
[Round "3.22"]
[White "Kohlrausch, Armin"]
[Black "Sparenberg, Erik"]
[Result "0-1"]
[WhiteElo "1645"]
[BlackElo "2146"]
[PlyCount "86"]
[EventCountry "NED"]

1. d4 d5 2. c4 c6 3. Nc3 Nf6 4. cxd5 cxd5 5. Nf3 Nc6 6. Bf4 e6 7. e3 Be7 8. h3
O-O 9. Be2 a6 10. a4 Qb6 11. Rb1 Bd7 12. O-O Rfc8 13. g4 Be8 14. Kh1 Nb4 15.
Bg5 Qd8 16. Nd2 Bc6 17. Bxf6 Bxf6 18. f4 Be7 19. Nf3 Bd6 20. Bd3 Nxd3 21. Qxd3
f6 22. b4 Be8 23. Rb2 Rc4 24. b5 Rac8 25. Ne2 Rxa4 26. bxa6 bxa6 27. f5 Ra3 28.
Qd2 exf5 29. Nh4 fxg4 30. Nf5 Bg6 31. hxg4 Bxf5 32. Rxf5 Qe8 33. Kg1 Qe4 34.
Nf4 Rxe3 35. Ng2 Rd3 36. Qa5 Qxd4+ 37. Rff2 Rc1+ 38. Ne1 Qxg4+ 39. Rg2 Qd4+ 40.
Rgf2 Qg4+ 41. Rg2 Qd4+ 42. Rgf2 Rxe1+ 43. Qxe1 Rd1 0-1

[Event "HZ Chess Tournament 2019"]
[Site "Vlissingen"]
[Date "2019.08.04"]
[Round "3.23"]
[White "Van de Krol, Sernin"]
[Black "Elgersma, Simon"]
[Result "0-1"]
[WhiteElo "1603"]
[BlackElo "2128"]
[PlyCount "66"]
[EventCountry "NED"]

1. e4 c6 2. d4 d5 3. exd5 cxd5 4. Bd3 Nc6 5. c3 Qc7 6. Ne2 Bg4 7. f3 Bd7 8. Bf4
e5 9. dxe5 Nxe5 10. Bc2 Nf6 11. O-O Bd6 12. Nd2 O-O 13. Nb3 Rfe8 14. Kh1 Nc4
15. Bxd6 Qxd6 16. Re1 Nxb2 17. Qd4 Rac8 18. Rab1 Nc4 19. Qf2 b6 20. Bd3 Ne5 21.
Bc2 Re7 22. Nbd4 Rce8 23. Ng3 g6 24. Qd2 Nc4 25. Qf2 Ne3 26. Bd3 h5 27. Nb5 Qf4
28. Ne2 Qb8 29. Qh4 Kg7 30. Ned4 a6 31. Na3 Qc7 32. Rbc1 b5 33. Nb1 Qa5 0-1

[Event "HZ Chess Tournament 2019"]
[Site "Vlissingen"]
[Date "2019.08.04"]
[Round "3.24"]
[White "Van der Zalm, Marnix"]
[Black "Altenbernd, Dirk"]
[Result "1-0"]
[WhiteElo "2062"]
[BlackElo "1859"]
[PlyCount "129"]
[EventCountry "NED"]

1. d4 g6 2. c4 Bg7 3. Nc3 d6 4. e4 Nc6 5. Be3 e5 6. d5 Nce7 7. f4 exf4 8. Bxf4
Nf6 9. Nf3 Bg4 10. Be2 Nd7 11. O-O h6 12. Qd2 Bxf3 13. Rxf3 g5 14. Bg3 Ng6 15.
Raf1 Nde5 16. Rf5 O-O 17. Nd1 a6 18. Ne3 b5 19. b3 bxc4 20. Nxc4 Nxc4 21. Bxc4
Qe7 22. Qe2 a5 23. Bb5 Bd4+ 24. Kh1 Rab8 25. a4 f6 26. Qg4 Rbd8 27. Be1 Bb6 28.
Bc3 Ne5 29. Qh5 Kg7 30. Qe2 Ra8 31. Qe1 Kg8 32. h3 Kg7 33. Bc6 Rab8 34. Qd2 Kg8
35. Qe2 Kg7 36. Bb5 Ra8 37. Rc1 Kg8 38. Rc2 Rf7 39. Qe1 Rff8 40. Re2 Kg7 41.
Qd2 Qd8 42. Re1 Qe7 43. b4 axb4 44. Bxb4 Rab8 45. Bc3 Kg8 46. Ref1 Kg7 47. Qe1
Kg8 48. Bc6 Kg7 49. a5 Ba7 50. Qa1 Kg6 51. a6 Kg7 52. Bb7 Nd7 53. Bc6 Ne5 54.
Bd4 Bxd4 55. Qxd4 Nxc6 56. dxc6 Ra8 57. a7 Qe6 58. Rb5 Rfe8 59. Rb7 Rec8 60.
Rf5 Kf7 61. Rfb5 Ke7 62. Rb8 Qg8 63. R5b7 Qd8 64. Qb2 Kf7 65. Rxa8 1-0

[Event "HZ Chess Tournament 2019"]
[Site "Vlissingen"]
[Date "2019.08.04"]
[Round "3.25"]
[White "Hng, Mei-En Emmanuelle"]
[Black "Westerweele, Maarten"]
[Result "1/2-1/2"]
[WhiteElo "2026"]
[BlackElo "1847"]
[PlyCount "30"]
[EventCountry "NED"]

1. e4 e6 2. d4 d5 3. Nc3 Bb4 4. e5 Ne7 5. Nf3 b6 6. Bd3 Ba6 7. O-O Bxc3 8. bxc3
Qc8 9. a4 Bxd3 10. cxd3 Nbc6 11. Ba3 Qd8 12. Ng5 O-O 13. Qh5 h6 14. Nf3 Qe8 15.
Qh3 f5 1/2-1/2

[Event "HZ Chess Tournament 2019"]
[Site "Vlissingen"]
[Date "2019.08.04"]
[Round "3.26"]
[White "Sow, MiaoGeng Malcolm"]
[Black "Haak, Eelco"]
[Result "1/2-1/2"]
[WhiteElo "1525"]
[BlackElo "2003"]
[PlyCount "38"]
[EventCountry "NED"]

1. e4 e6 2. d3 d5 3. Qe2 Be7 4. Nf3 Nf6 5. g3 c5 6. Bg2 Nc6 7. c3 O-O 8. O-O b5
9. Rd1 a5 10. Nbd2 Ba6 11. b3 d4 12. c4 e5 13. Nh4 Ne8 14. Nf5 g6 15. Nh6+ Kg7
16. Nf3 bxc4 17. bxc4 Bc8 18. h4 Nf6 19. Nh2 Ng8 1/2-1/2

[Event "HZ Chess Tournament 2019"]
[Site "Vlissingen"]
[Date "2019.08.04"]
[Round "3.27"]
[White "De Zwart, Johan"]
[Black "Moors, Marc"]
[Result "1/2-1/2"]
[WhiteElo "1989"]
[BlackElo "1829"]
[PlyCount "46"]
[EventCountry "NED"]

1. e4 d5 2. exd5 Qxd5 3. Nc3 Qd6 4. d4 Nf6 5. Nf3 c6 6. g3 Bg4 7. Bg2 e6 8. h3
Bxf3 9. Bxf3 Nbd7 10. O-O Qc7 11. Bf4 Bd6 12. Bxd6 Qxd6 13. Ne4 Nxe4 14. Bxe4
Nf6 15. Bg2 O-O 16. c3 e5 17. dxe5 Qxe5 18. Re1 Qc7 19. Qc2 Rfe8 20. Rad1 Re7
21. Rxe7 Qxe7 22. Qd3 Re8 23. Bf3 Qe6 1/2-1/2

[Event "HZ Chess Tournament 2019"]
[Site "Vlissingen"]
[Date "2019.08.04"]
[Round "3.28"]
[White "Hoffman, Ron"]
[Black "Wagner, Victoria"]
[Result "1-0"]
[WhiteElo "1987"]
[BlackElo "1799"]
[PlyCount "85"]
[EventCountry "NED"]

1. c4 c5 2. Nc3 Nc6 3. g3 g6 4. Bg2 Bg7 5. e3 e5 6. Nge2 Nge7 7. O-O O-O 8. d3
d6 9. b3 Rb8 10. Bb2 a6 11. a4 b6 12. Qd2 Bb7 13. Nd5 Nxd5 14. cxd5 Ne7 15. e4
f5 16. f4 b5 17. axb5 axb5 18. fxe5 dxe5 19. Qe3 Qb6 20. Qg5 Qd6 21. Qe3 Rfc8
22. Kh1 Ba6 23. Qd2 b4 24. Ra5 fxe4 25. dxe4 c4 26. bxc4 Bxc4 27. Bh3 Rd8 28.
Qc2 Rbc8 29. Be6+ Kh8 30. Bxc8 Rxc8 31. Qd2 Nc6 32. Raa1 Nd4 33. Nxd4 Bxf1 34.
Rxf1 exd4 35. Bxd4 Bxd4 36. Qxd4+ Kg8 37. e5 Qa6 38. Qf4 b3 39. Qf7+ Kh8 40. e6
b2 41. e7 Qa8 42. Qf8+ Rxf8 43. Rxf8+ 1-0

[Event "HZ Chess Tournament 2019"]
[Site "Vlissingen"]
[Date "2019.08.04"]
[Round "3.29"]
[White "Grooten, Herman"]
[Black "Lukas, Anne"]
[Result "1-0"]
[WhiteElo "2310"]
[BlackElo "1842"]
[PlyCount "121"]
[EventCountry "NED"]

1. d4 Nf6 2. c4 c5 3. d5 b5 4. cxb5 a6 5. b6 d6 6. Nc3 Nbd7 7. e4 g6 8. a4 Qxb6
9. a5 Qc7 10. f4 Rb8 11. Bc4 Bg7 12. Nf3 O-O 13. O-O Ne8 14. Qe2 Rb4 15. Nd1
Qb8 16. Bd2 Nc7 17. e5 Rb7 18. Re1 Nb5 19. Nf2 Nd4 20. Nxd4 cxd4 21. Nd3 Nc5
22. b4 Nxd3 23. Bxd3 dxe5 24. fxe5 Rd7 25. Bc4 Qa7 26. Qe4 Rc7 27. Rac1 Bf5 28.
Qf4 Rfc8 29. Bb3 Rxc1 30. Rxc1 Rxc1+ 31. Bxc1 Qb8 32. Qxd4 Bxe5 33. Qh4 Qa7+
34. Kh1 Qc7 35. Bd2 Bd6 36. h3 Bc2 37. Bc4 Qb7 38. Qd4 Qc8 39. g4 h5 40. Be2
hxg4 41. hxg4 f6 42. Qc4 Qa8 43. Qxc2 Qxd5+ 44. Kg1 Qd4+ 45. Kf1 Kg7 46. Qd3
Qa1+ 47. Kf2 Qh1 48. Qf3 Qh2+ 49. Kf1 Qe5 50. g5 Qa1+ 51. Kg2 Qe5 52. gxf6+ Kf7
53. fxe7+ Kxe7 54. Qe3 Qxe3 55. Bxe3 Bxb4 56. Bb6 Kd6 57. Bxa6 Kc6 58. Kf3 g5
59. Kg4 Bd2 60. Kf5 Bc1 61. Bc8 1-0

[Event "HZ Chess Tournament 2019"]
[Site "Vlissingen"]
[Date "2019.08.04"]
[Round "3.30"]
[White "Wagenvoorde, Guido"]
[Black "Klein, Jorik"]
[Result "1/2-1/2"]
[WhiteElo "2128"]
[BlackElo "1804"]
[PlyCount "87"]
[EventCountry "NED"]

1. d4 Nf6 2. c4 g6 3. Nc3 Bg7 4. e4 d6 5. Be2 O-O 6. Bg5 h6 7. Be3 Nbd7 8. Qd2
Kh7 9. h4 e5 10. d5 Nc5 11. f3 Nh5 12. g4 Ng3 13. Rh2 Nxe2 14. Ngxe2 a5 15. h5
g5 16. Rb1 b6 17. b3 Bd7 18. Rh1 Rb8 19. Kf2 Qe7 20. Kg2 Rfc8 21. Nc1 Rb7 22.
a3 Ra8 23. b4 axb4 24. axb4 Na6 25. Nd3 Rba7 26. Rhc1 Bf8 27. Rb2 Kg7 28. Ra2
Nb8 29. Rca1 Rxa2 30. Rxa2 Rxa2 31. Qxa2 Qd8 32. Kg3 Qc8 33. c5 bxc5 34. bxc5
c6 35. Na4 Qc7 36. Kh3 Qa5 37. Qb2 Qxa4 38. Qxb8 Qd1 39. Nxe5 dxe5 40. Qxe5+ f6
41. Qc7 Qxf3+ 42. Kh2 Qe2+ 43. Kh1 Qf3+ 44. Kh2 1/2-1/2

[Event "HZ Chess Tournament 2019"]
[Site "Vlissingen"]
[Date "2019.08.04"]
[Round "3.31"]
[White "De Feijter, David"]
[Black "Zwirs, Jasper"]
[Result "1/2-1/2"]
[WhiteElo "1778"]
[BlackElo "2110"]
[PlyCount "79"]
[EventCountry "NED"]

1. g3 e5 2. Bg2 d5 3. d3 Nf6 4. Nc3 c6 5. e4 Bg4 6. f3 Bh5 7. Bg5 Be7 8. Nh3 h6
9. Bd2 O-O 10. Nf2 dxe4 11. Ncxe4 Nxe4 12. Nxe4 f5 13. Nf2 Bc5 14. O-O e4 15.
dxe4 fxe4 16. g4 Bf7 17. Qe2 exf3 18. Bxf3 Qb6 19. b3 Nd7 20. Bc3 Rae8 21. Qd2
Ne5 22. Bxe5 Rxe5 23. Rae1 Be3 24. Qc3 Bd4 25. Qd2 Rd8 26. Rxe5 Bxe5 27. Qe2
Re8 28. Qd2 Qc7 29. Nd3 Bf6 30. Kg2 Bd5 31. Bxd5+ cxd5 32. Rf5 Qe7 33. Nf2 d4
34. Qd3 Kh8 35. Rf4 Qe3 36. Re4 Rxe4 37. Qxe4 Qc3 38. Qe8+ Kh7 39. Qe4+ Kh8 40.
Qe8+ 1/2-1/2

[Event "HZ Chess Tournament 2019"]
[Site "Vlissingen"]
[Date "2019.08.04"]
[Round "3.32"]
[White "De Wilde, Steven"]
[Black "Mityaev, Alexandr"]
[Result "1/2-1/2"]
[WhiteElo "1771"]
[BlackElo "2087"]
[PlyCount "77"]
[EventCountry "NED"]

1. e4 e5 2. Nf3 Nf6 3. Nxe5 d6 4. Nf3 Nxe4 5. d3 Nf6 6. d4 Be7 7. Bd3 O-O 8.
O-O Re8 9. c4 d5 10. Nc3 c6 11. Bf4 Bg4 12. Qb3 Bxf3 13. gxf3 b6 14. Rfe1 Rf8
15. Rad1 a5 16. Be5 dxc4 17. Bxc4 b5 18. Bf1 a4 19. Qc2 Na6 20. a3 b4 21. Ne4
Nxe4 22. Qxe4 bxa3 23. bxa3 Bxa3 24. Qxc6 Bb4 25. Re4 Qc8 26. Qb6 f6 27. Bf4 g5
28. Be3 Qf5 29. Bg2 Ba5 30. Qb2 Nb4 31. d5 Rfd8 32. Rxb4 Bxb4 33. Qxb4 a3 34.
Qg4 Qc2 35. f4 a2 36. Qe6+ Kg7 37. Qe7+ Kg8 38. Qe6+ Kg7 39. Qe7+ 1/2-1/2

[Event "HZ Chess Tournament 2019"]
[Site "Vlissingen"]
[Date "2019.08.04"]
[Round "3.33"]
[White "De Wolf, Johan"]
[Black "Pang, Khai Jie Ryan"]
[Result "1/2-1/2"]
[WhiteElo "2075"]
[BlackElo "1770"]
[PlyCount "79"]
[EventCountry "NED"]

1. d4 Nf6 2. Nf3 e6 3. c4 c5 4. dxc5 Bxc5 5. Nc3 d6 6. e3 O-O 7. Be2 a6 8. O-O
Qe7 9. b3 e5 10. Na4 Nbd7 11. Qc2 b6 12. a3 a5 13. Bd2 Bb7 14. b4 axb4 15. axb4
b5 16. Nxc5 dxc5 17. bxc5 Qxc5 18. Qb3 Bxf3 19. gxf3 bxc4 20. Qxc4 Rfc8 21.
Qxc5 Nxc5 22. Bc3 Rxa1 23. Rxa1 Nfd7 24. Ra7 f6 25. Bc4+ Kh8 26. Bb5 Nf8 27.
Bb4 Nce6 28. Bd6 Rd8 29. Be7 Rb8 30. Bd3 Ng5 31. Kg2 Ng6 32. Bd6 Rd8 33. Bc7
Rf8 34. Bd6 Rc8 35. Kg3 Nf8 36. h4 Nge6 37. Bf5 Re8 38. h5 h6 39. Rb7 Kg8 40.
Ra7 1/2-1/2

[Event "HZ Chess Tournament 2019"]
[Site "Vlissingen"]
[Date "2019.08.04"]
[Round "3.34"]
[White "Kunnavakkam, Sudarshanagop"]
[Black "Rosmuller, Anton"]
[Result "1-0"]
[WhiteElo "1744"]
[BlackElo "2073"]
[PlyCount "119"]
[EventCountry "NED"]

1. e4 c5 2. d4 cxd4 3. c3 d5 4. Qxd4 e6 5. exd5 exd5 6. Nf3 Nf6 7. Bb5+ Bd7 8.
Bxd7+ Nbxd7 9. O-O Be7 10. h3 O-O 11. Be3 Bc5 12. Qd3 Qb6 13. Bxc5 Nxc5 14. Qc2
Rac8 15. Nbd2 Rfd8 16. Rad1 a6 17. Nb3 Nce4 18. Nbd4 g6 19. Qb3 Qc7 20. Qc2 b5
21. Qb1 Rb8 22. Qc1 Kg7 23. Ne2 Qc4 24. Ned4 Rbc8 25. Qb1 Qc7 26. a4 bxa4 27.
Qa2 Nc5 28. Nc2 Qb7 29. Nb4 a5 30. Nd3 Qb3 31. Qa1 Nxd3 32. Rxd3 Qb5 33. Rd4
Rc4 34. Rfd1 Rb8 35. Rxc4 dxc4 36. Rd2 Ne4 37. Re2 Nc5 38. Nd4 Qd7 39. Qc1 h6
40. Qf4 Re8 41. Rxe8 Qxe8 42. Nf5+ gxf5 43. Qd4+ f6 44. Qxc5 Qe1+ 45. Kh2 Qe5+
46. Qxe5 fxe5 47. Kg3 Kf6 48. Kf3 Ke6 49. g4 fxg4+ 50. hxg4 Kd5 51. Ke3 Kc5 52.
Ke4 a3 53. bxa3 Kb5 54. Kxe5 Ka4 55. f4 Kxa3 56. f5 a4 57. f6 Kb2 58. f7 a3 59.
f8=Q a2 60. Qb4+ 1-0

[Event "HZ Chess Tournament 2019"]
[Site "Vlissingen"]
[Date "2019.08.04"]
[Round "3.35"]
[White "Krause, Thomas"]
[Black "De Feijter, Niels"]
[Result "1-0"]
[WhiteElo "2062"]
[BlackElo "1733"]
[PlyCount "75"]
[EventCountry "NED"]

1. c4 c5 2. Nf3 Nf6 3. Nc3 Nc6 4. e3 d6 5. d4 Bg4 6. d5 Ne5 7. Be2 Nxf3+ 8.
Bxf3 Bd7 9. O-O g6 10. e4 Qc7 11. Bf4 h5 12. Re1 O-O-O 13. e5 Nh7 14. exd6 exd6
15. Rc1 g5 16. Be3 g4 17. Be2 Rg8 18. b4 a6 19. Bf4 Bf5 20. bxc5 Nf6 21. cxd6
Bxd6 22. Bxd6 Qxd6 23. Bd3 Bxd3 24. Qxd3 h4 25. Qf5+ Kb8 26. c5 Qxc5 27. Qxf6
g3 28. hxg3 hxg3 29. Ne4 gxf2+ 30. Qxf2 Qxf2+ 31. Kxf2 Rxd5 32. Rc2 Re5 33. Rc5
Re6 34. Kf3 Rb6 35. Re2 Rb1 36. Rf5 Re8 37. Rxf7 Rf1+ 38. Rf2 1-0

[Event "HZ Chess Tournament 2019"]
[Site "Vlissingen"]
[Date "2019.08.04"]
[Round "3.36"]
[White "Kraemer, Max"]
[Black "Van de Laar, Andre"]
[Result "1-0"]
[WhiteElo "2041"]
[BlackElo "1699"]
[PlyCount "61"]
[EventCountry "NED"]

1. d4 Nf6 2. Nc3 g6 3. Bf4 d6 4. Qd2 Bg7 5. Bh6 O-O 6. Bxg7 Kxg7 7. O-O-O Bf5
8. f3 Nc6 9. h4 e5 10. d5 Nb8 11. g4 Bc8 12. h5 Ng8 13. e3 h6 14. hxg6 fxg6 15.
Bd3 Nf6 16. Nh3 Rh8 17. g5 Ng8 18. gxh6+ Rxh6 19. Nf2 Qf6 20. Rxh6 Nxh6 21. Rg1
Nf5 22. Nfe4 Qh4 23. Qg2 Qh6 24. Ng5 Nxe3 25. Ne6+ Bxe6 26. Qxg6+ Qxg6 27.
Rxg6+ Kf8 28. dxe6 Nc6 29. Kd2 Ne7 30. Rf6+ Kg7 31. Rf7+ 1-0

[Event "HZ Chess Tournament 2019"]
[Site "Vlissingen"]
[Date "2019.08.04"]
[Round "3.37"]
[White "Braun, Steven"]
[Black "Berghuis, Marten"]
[Result "0-1"]
[WhiteElo "1733"]
[BlackElo "2031"]
[PlyCount "44"]
[EventCountry "NED"]

1. e4 c5 2. Nf3 d6 3. Bc4 Nf6 4. Nc3 e6 5. O-O Be7 6. d3 O-O 7. e5 dxe5 8. Nxe5
a6 9. a3 b5 10. Ba2 Bb7 11. Re1 Nbd7 12. Nf3 Qc7 13. h3 Rad8 14. Qe2 Rfe8 15.
Ng5 Nf8 16. f3 Nd5 17. Nge4 Bh4 18. Rf1 Ng6 19. Bd2 Ngf4 20. Qd1 f5 21. Nxd5
exd5 22. Nf2 Ne2+ 0-1

[Event "HZ Chess Tournament 2019"]
[Site "Vlissingen"]
[Date "2019.08.04"]
[Round "3.38"]
[White "Hng, Mei-Xian Eunice"]
[Black "Reichardt, Gert"]
[Result "0-1"]
[WhiteElo "1719"]
[BlackElo "1987"]
[PlyCount "68"]
[EventCountry "NED"]

1. e4 c5 2. d4 cxd4 3. c3 dxc3 4. Nxc3 e6 5. Bc4 a6 6. Nf3 b5 7. Bb3 Nc6 8. Qe2
Bb4 9. O-O Nge7 10. Bg5 h6 11. Bh4 Qb6 12. Rfd1 O-O 13. Rac1 Ng6 14. Bg3 Na5
15. h4 Ne7 16. Bc7 Qxc7 17. Nd5 Nxd5 18. Rxc7 Nxc7 19. Rc1 Nxb3 20. Rxc7 Na5
21. a3 Bd6 22. Rc3 Nc6 23. Qd2 Be7 24. Qf4 e5 25. Qg3 Bf6 26. Rd3 Rd8 27. Rd6
Kf8 28. h5 Ke7 29. Rd1 Bb7 30. Qg4 d6 31. Nh4 Nd4 32. Nf5+ Nxf5 33. Qxf5 Rac8
34. f3 Rc2 0-1